Personnalités nées en Franche-Comté - Statistiques

Statistiques générales
  • Ce quiz a été pris 21 fois
    20 depuis la dernière actualisation
  • Le résultat moyen est 5 sur 15
Statistiques - réponses
profession Réponse % Correct
écrivain Victor hugo
95%
Biologiste, chimiste Louis Pasteur
68%
inventeurs du cinémas Auguste et Louis Lumière
53%
Constructeur Armand Peugeot
47%
Peintre Gustave Courbet
47%
Explorateur Paul-Émile Victor
42%
cycliste Thibault Pinot
37%
inventeur de marque prestigieuse Louis Vuitton
32%
Président de la première république Jules Grévy
21%
Inventeur de la coupe du monde de football Jules Rimet
21%
Poéte et compositeur Claude Joseph Rouget de Lisle
11%
Biathlète Quentin Fillon Maillet
11%
écrivain Louis Pergaud
5%
Premier conseiller de Charles quint Nicolas Perrenot de Granvelle
5%
Biathlète Vincent desfranes
5%
Aucun quiz correspondant
Distribution des résultats
% des personnes avec chaque résultat
Percentile par nombre de réponses
Votre historique - résultats
Vous n’avez pas pris ce quiz depuis la dernière actualisation